000 00656nam a22002177a 4500
999 _c3633
_d3633
001 3633
003 BD-JhCC
005 20171115184754.0
008 171115s1381 bg |||| |||| 000 0 ben d
035 _a(BD-JhCC)3633
040 _aBD-JhCC
_dBD-JhCC
041 _aben
082 _a891.4415
_bAZA 1381
100 _aআজাদ, আলাউদ্দিন আল
245 _aমানচিত্র /
_cআলাউদ্দিন আল আজাদ
260 _aঢাকা :
_bমুক্তধারা,
_c১৩৮১.
300 _a৯০ পৃ. :
_c২২ সেমি.
650 _aBengali Poetry
942 _2ddc
_cBK